Pokémon que empiezan por la letra L - Estadísticas

Estadísticas generales
  • Esta prueba ha sido intentada 27 veces
  • La puntuación promedio es 25 de 40
Estadísticas de respuestas
Gen. Tipo Nombre % Correcto
III Agua/Planta Ludicolo
94%
III Agua/Planta Lombre
88%
III Agua/Planta Lotad
88%
II Roca/Tierra Larvitar
82%
IV Lucha/Acero Lucario
82%
II Agua/Eléctrico Lanturn
76%
I Agua/Hielo Lapras
76%
V Bicho/Fuego Larvesta
76%
III Dragon/Psíquico Latias
76%
III Dragon/Psíquico Latios
76%
IV Normal Lickilicky
76%
I Normal Lickitung
71%
II Psíquico/Volador Lugia
71%
III Roca/Psíquico Lunatone
71%
III Acero/Roca Lairon
65%
V Fantasma/Fuego Lampent
65%
V Fuego/Fantasma Litwick
65%
VII Psíquico/Fantasma Lunala
65%
V Tierra/Volador Landorus
59%
II Bicho/Volador Ledian
59%
II Bicho/Volador Ledyba
59%
III Roca/Planta Lileep
59%
III Normal Linoone
59%
VI Fuego/Normal Litleo
59%
IV Eléctrico Luxio
59%
IV Eléctrico Luxray
59%
IV Planta Leafeon
53%
V Siniestro Liepard
53%
VII Fuego Litten
53%
III Agua Luvdisc
53%
V Bicho/Planta Leavanny
47%
IV Normal Lopunny
47%
VII Planta Lurantis
47%
VII Roca Lycanroc
47%
V Normal Lillipup
41%
IX Bicho/Siniestro Lokix
41%
III Normal Loudred
41%
IV Agua Lumineon
41%
V Planta Lilligant
35%
IX Normal Lechonk
29%
No se encontraron pruebas coincidentes
Distribución de puntuación
Porcentaje de gente con cada puntuación
Porcentaje por número respondido
Historial de tus puntuaciones
No has intentado esta prueba.